000 00917pam a2200265 i 4500
001 6313
003 BD-RjUL
005 20211208234225.0
008 140109s1975 nyu b 100 0 eng
020 _a0120596504
035 _a(BD-RjUL)6353
040 _aDLC
_cDLC
_dDLC
_dBD-RjUL
_beng
041 _aeng
082 0 0 _a515.35
_bINI 1975
111 2 _aInternational Conference on Differential Equations,
_cUniversity of Southern California,
_d1974.
_919875
245 1 0 _aInternational Conference on Differential Equations :
_b[proceedings] /
_cedited by H. A. Antosiewicz.
260 _aNew York :
_bAcademic Press,
_cc1975.
300 _axix, 834 p. ;
_c24 cm.
504 _aIncludes bibliographical references.
650 0 _aDifferential equations
_xCongresses.
_919876
700 1 _aAntosiewicz, Henry A.
_q(Henry Albert),
_d1925-2004.
_919877
942 _2ddc
_cBK
999 _c6313
_d6313